| 000 -LEADER |
| fixed length control field |
01035pab a2200193 454500 |
| 008 - FIXED-LENGTH DATA ELEMENTS--GENERAL INFORMATION |
| fixed length control field |
180718b2000 xxu||||| |||| 00| 0 eng d |
| 100 ## - MAIN ENTRY--PERSONAL NAME |
| Personal name |
Wong, Chack Kie |
| 245 ## - TITLE STATEMENT |
| Title |
Popular belief in state intervention for social protection in China |
| 260 ## - PUBLICATION, DISTRIBUTION, ETC. |
| Date of publication, distribution, etc. |
2000 |
| 300 ## - PHYSICAL DESCRIPTION |
| Extent |
p.109-16 |
| 362 ## - DATES OF PUBLICATION AND/OR SEQUENTIAL DESIGNATION |
| Dates of publication and/or sequential designation |
Jan |
| 520 ## - SUMMARY, ETC. |
| Summary, etc. |
The paper starts with a abrief discussion of recent developments of economic restructuring of the State Owned Enterprises in China and their related reforms in social insurance and social assistance. It then reports the findings of an attitude survey of residents in Shanghai in 1996 towards the social and economic consequences of economic reform. It reveals that, despite the fact that most people feel better off with the reforms, there is still a need for the state to play a role in social protection. - Reproduced |
| 650 ## - SUBJECT ADDED ENTRY--TOPICAL TERM |
| Topical term or geographic name entry element |
Social security - China |
| 650 ## - SUBJECT ADDED ENTRY--TOPICAL TERM |
| Topical term or geographic name entry element |
Social welfare - China |
| 650 ## - SUBJECT ADDED ENTRY--TOPICAL TERM |
| Topical term or geographic name entry element |
Social welfare |
| 700 ## - ADDED ENTRY--PERSONAL NAME |
| Personal name |
Lee, Nan Shong Peter |
| 773 ## - HOST ITEM ENTRY |
| Main entry heading |
Journal of Social Policy |
| 909 ## - |
| -- |
45446 |